| 000 | 00717nam a2200241Ia 4500 | ||
|---|---|---|---|
| 001 | 3677 | ||
| 008 | 170918s 198 ii a g b000 u 465 u | ||
| 020 | _a0-07-099075-1 | ||
| 082 |
_a001.424 _a519.7 |
||
| 100 | _aBronson, Richard . | ||
| 245 | 0 |
_aTheory and Problems of Operations Research / _cRichard Bronson. _hTextual Documents |
|
| 250 | _a1st ed. / | ||
| 260 |
_aSingapore : _bMcGraw - Hill book company , _cC 1983. |
||
| 300 |
_a328p. : _bill ; _c24cm . |
||
| 440 | _aSchaum`s Outline Series, | ||
| 490 | _aSchaum`s Outline Series, | ||
| 500 | _aIncludes 310 Solved Problems | ||
| 504 | _aIndex | ||
| 653 | _aMathematics | ||
| 653 | _aPG-Mathematics | ||
| 653 | _aOperations Research | ||
| 942 |
_2ddc _cBK |
||
| 999 |
_c3665 _d3665 |
||